<?xml version="1.0" encoding="UTF-8"?><?xml-stylesheet type="text/xsl" href="static/style.xsl"?><OAI-PMH xmlns="http://www.openarchives.org/OAI/2.0/" xmlns:xsi="http://www.w3.org/2001/XMLSchema-instance" xsi:schemaLocation="http://www.openarchives.org/OAI/2.0/ http://www.openarchives.org/OAI/2.0/OAI-PMH.xsd"><responseDate>2026-04-17T22:53:16Z</responseDate><request verb="GetRecord" identifier="oai:www.recercat.cat:10256/25396" metadataPrefix="marc">https://recercat.cat/oai/request</request><GetRecord><record><header><identifier>oai:recercat.cat:10256/25396</identifier><datestamp>2024-10-29T15:13:09Z</datestamp><setSpec>com_2072_452955</setSpec><setSpec>com_2072_2054</setSpec><setSpec>col_2072_452964</setSpec></header><metadata><record xmlns="http://www.loc.gov/MARC21/slim" xmlns:dcterms="http://purl.org/dc/terms/" xmlns:xsi="http://www.w3.org/2001/XMLSchema-instance" xmlns:doc="http://www.lyncode.com/xoai" xsi:schemaLocation="http://www.loc.gov/MARC21/slim http://www.loc.gov/standards/marcxml/schema/MARC21slim.xsd">
   <leader>00925njm 22002777a 4500</leader>
   <datafield ind2=" " ind1=" " tag="042">
      <subfield code="a">dc</subfield>
   </datafield>
   <datafield ind2=" " ind1=" " tag="720">
      <subfield code="a">Crespi Vallbona, Montserrat</subfield>
      <subfield code="e">author</subfield>
   </datafield>
   <datafield ind2=" " ind1=" " tag="720">
      <subfield code="a">Noguer Juncà, Ester</subfield>
      <subfield code="e">author</subfield>
   </datafield>
   <datafield ind2=" " ind1=" " tag="260">
      <subfield code="c">2024-06</subfield>
   </datafield>
   <datafield ind2=" " ind1=" " tag="520">
      <subfield code="a">The greatest challenge for tourist destinations is to make themselves unique, to bet on cultural identity, with ethical values and sustainability, and to be successful over time. This is of particular interest in sun and beach tourism areas. Otherwise, in recent years, seasonal food and leisure markets have undergone significant growth as a strategy to promote regional authenticity and participation in local communities. The management of this ephemeral food markets tend to be associated to social sustainability, with a focus on issues such as the welfare of the local population; the conservation of cultural heritage; community participation in the development and planning of tourism; and health, hygiene and safety. This paper analyzes the relevance of these social sustainability matters to La Santa Market, a summer food and leisure event located in a beach and sun town in La Costa Brava (Catalonia). Using non-probability purposive sampling, the qualitative methodology is based on semi-structured interviews with 20 different stakeholders in this event. Secondary data on the economic situation and “grey” literature on this market are also used. The results reveal constant, positive involvement of the local community and private organizations in enhancing the La Santa Market experience, which is now an essential item on their summer agendas. This paper contributes to the literature acknowledging the potential of summer food markets to boost the economic and social sustainability of a coastal community. The results are useful for helping public and private sectors in the region to identify the strengths and the weaknesses of the role of local food products at summer markets to thus reinforce their authenticity and sociocultural value</subfield>
   </datafield>
   <datafield ind2=" " ind1=" " tag="520">
      <subfield code="a">11</subfield>
   </datafield>
   <datafield ind2=" " ind1=" " tag="520">
      <subfield code="a">12</subfield>
   </datafield>
   <datafield ind1="8" ind2=" " tag="024">
      <subfield code="a">http://hdl.handle.net/10256/25396</subfield>
   </datafield>
   <datafield tag="653" ind2=" " ind1=" ">
      <subfield code="a">Mercats</subfield>
   </datafield>
   <datafield tag="653" ind2=" " ind1=" ">
      <subfield code="a">Markets</subfield>
   </datafield>
   <datafield tag="653" ind2=" " ind1=" ">
      <subfield code="a">Camions de cuina sobre rodes</subfield>
   </datafield>
   <datafield tag="653" ind2=" " ind1=" ">
      <subfield code="a">Food trucks</subfield>
   </datafield>
   <datafield tag="653" ind2=" " ind1=" ">
      <subfield code="a">Santa Market (Costa Barva, Catalunya)</subfield>
   </datafield>
   <datafield tag="653" ind2=" " ind1=" ">
      <subfield code="a">Gastronomia -- Catalunya</subfield>
   </datafield>
   <datafield tag="653" ind2=" " ind1=" ">
      <subfield code="a">Gastronomy -- Catalonia</subfield>
   </datafield>
   <datafield tag="653" ind2=" " ind1=" ">
      <subfield code="a">Sostenibilitat -- Catalunya -- Costa Brava</subfield>
   </datafield>
   <datafield tag="653" ind2=" " ind1=" ">
      <subfield code="a">Sustainability -- Catalonia -- Costa Brava</subfield>
   </datafield>
   <datafield ind2="0" ind1="0" tag="245">
      <subfield code="a">The role of summer markets in promoting authenticity and social sustainability of the regions: The case of La Santa market (Catalonia, Spain)</subfield>
   </datafield>
</record></metadata></record></GetRecord></OAI-PMH>